Taxmann Students' Guide To Income Tax including GST / (Record no. 193763)
[ view plain ]
| 000 -LEADER | |
|---|---|
| fixed length control field | 00882nam a22002297a 4500 |
| 005 - DATE AND TIME OF LATEST TRANSACTION | |
| control field | 20250926114625.0 |
| 010 ## - LCCN (DPL NO) | |
| LC control number | B-746535-539 E.N.A. / 7.11.22 ENG-146885 |
| 020 ## - INTERNATIONAL STANDARD BOOK NUMBER | |
| International Standard Book Number | 9789356220812 |
| Terms of availability | 1550.00 |
| 035 ## - SYSTEM CONTROL NUMBER | |
| System control number | B-746535-539 |
| 035 ## - SYSTEM CONTROL NUMBER | |
| System control number | EN-130417 |
| 037 ## - SOURCE OF ACQUISITION | |
| Source of stock number/acquisition | Taxmann |
| 037 ## - SOURCE OF ACQUISITION | |
| Source of stock number/acquisition | DBAD |
| 082 ## - DEWEY DECIMAL CLASSIFICATION NUMBER | |
| Classification number | 343 |
| 100 ## - MAIN ENTRY--PERSONAL NAME | |
| Personal name | Singhania, Vinod k. |
| 245 ## - TITLE STATEMENT | |
| Title | Taxmann Students' Guide To Income Tax including GST / |
| Statement of responsibility, etc | Vinod k. Singhania & Monica Singhania |
| 260 ## - PUBLICATION, DISTRIBUTION, ETC. (IMPRINT) | |
| Place of publication, distribution, etc | New Delhi |
| Name of publisher, distributor, etc | Taxmann |
| Date of publication, distribution, etc | 2022 |
| 270 ## - ADDRESS | |
| Address | 59/32, New Rohtak road, New Delhi -110005 |
| 300 ## - PHYSICAL DESCRIPTION | |
| Extent | 1041p (pbk) |
| 700 ## - ADDED ENTRY--PERSONAL NAME | |
| Personal name | Singhania Monica |
| 9 (RLIN) | 85224 |
| 942 ## - ADDED ENTRY ELEMENTS (KOHA) | |
| Source of classification or shelving scheme | Dewey Decimal Classification |
| Item type | English Books |
| Call number suffix | Sin |
| Classification part | 343 |
| Withdrawn status | Lost status | Not for loan | Collection code | Home library | Current library | Date acquired | Source of acquisition | Cost, normal purchase price | Full call number | Barcode | Copy number | Cost, replacement price | Koha item type |
|---|---|---|---|---|---|---|---|---|---|---|---|---|---|
| Non-fiction | Bawana | Bawana | 23/03/2023 | Taxmann Pub./INV/00503/29.11.22/216/22.11.22/30.11.22 | 1550.00 | 343 Sin | B-746538 | 1 | 1550.00 | English Books | |||
| Non-fiction | Central Library | Central Library | 23/03/2023 | Taxmann Pub./INV/00503/29.11.22/216/22.11.22/30.11.22 | 1550.00 | 343 Sin | B-746535 | 1 | 1550.00 | English Books | |||
| Non-fiction | Central Library | Central Library | 26/09/2025 | Delivery of Books Act Division | 1550.00 | SIN 343 | EN-130417 | 1 | 1550.00 | English Books | |||
| Non-fiction | Patel Nagar | Patel Nagar | 23/03/2023 | Taxmann Pub./INV/00503/29.11.22/216/22.11.22/30.11.22 | 1550.00 | 343 Sin | B-746536 | 1 | 1550.00 | English Books | |||
| Non-fiction | Sarojini Nagar | Sarojini Nagar | 23/03/2023 | Taxmann Pub./INV/00503/29.11.22/216/22.11.22/30.11.22 | 1550.00 | 343 Sin | B-746537 | 1 | 1550.00 | English Books | |||
| Non-fiction | Shahdara Branch | Shahdara Branch | 23/03/2023 | Taxmann Pub./INV/00503/29.11.22/216/22.11.22/30.11.22 | 1550.00 | 343 Sin | B-746539 | 1 | 1550.00 | English Books |
